| 000 | 01081cam a22003251 4500 | ||
|---|---|---|---|
| 001 | 7754 | ||
| 003 | BD-RjUL | ||
| 005 | 20211208234452.0 | ||
| 008 | 14 t1965 ne 000 0 eng | ||
| 035 | _a(BD-RjUL)7798 | ||
| 035 | _a(OCoLC)297443 | ||
| 040 |
_aDLC _cOAU _dOCoLC _dDLC _dBD-RjUL _beng |
||
| 041 | _aeng | ||
| 082 | 0 | 4 |
_a160.8 _216 _bCON 1965 |
| 245 | 1 | 0 |
_aContributions to logic and methodology in honor of J. M. Bocheński / _cEdited by Anna-Teresa Tymieniecka in collaboration with Charles Parsons. |
| 260 |
_aAmsterdam : _bNorth-Holland Pub. Co., _c1965. |
||
| 300 |
_axviii, 326 p. : _bport. ; _c23 cm. |
||
| 500 | _aTitle on spine: Logic and methodology. | ||
| 500 | _aEnglish, French, or German. | ||
| 504 | _aIncludes bibliographies. | ||
| 600 | 1 | 0 |
_aBochenski, Joseph M., _d1902-1995 _924171 |
| 650 | 0 |
_aLogic. _924172 |
|
| 650 | 0 |
_aMethodology. _924173 |
|
| 700 | 1 |
_aTymieniecka, Anna-Teresa, _d. _924174 |
|
| 700 | 1 |
_aBochenski, Joseph M. _924175 |
|
| 740 | 0 | _aLogic and methodology. | |
| 942 |
_2ddc _cBK |
||
| 999 |
_c7754 _d7754 |
||